Loading...
| Fine Arts - Classical Music and Opera | 6 | 11.67 | 67% | 50% | 0% |
| Fine Arts - Other Arts | 6 | 11.67 | 83% | 33% | 0% |
| Fine Arts - Painting and Sculpture | 4 | 17.50 | 100% | 75% | 0% |
| Geography | 2 | 15.00 | 100% | 50% | 0% |
| History - American History | 8 | 15.00 | 100% | 38% | 13% |
| History - European History | 9 | 11.11 | 100% | 11% | 0% |
| History - Other History | 6 | 13.33 | 100% | 33% | 0% |
| History - World History | 7 | 14.29 | 100% | 14% | 29% |
| Literature - American Literature | 7 | 10.00 | 71% | 14% | 14% |
| Literature - British Literature | 2 | 15.00 | 100% | 50% | 0% |
| Literature - European Literature | 10 | 14.00 | 100% | 40% | 0% |
| Literature - World Literature | 6 | 13.33 | 100% | 33% | 0% |
| Modern World | 2 | 10.00 | 100% | 0% | 0% |
| Mythology | 2 | 10.00 | 100% | 0% | 0% |
| Other Academic | 4 | 10.00 | 75% | 25% | 0% |
| Other Culture | 1 | 20.00 | 100% | 100% | 0% |
| Other Science (Astronomy) | 1 | 10.00 | 100% | 0% | 0% |
| Other Science (Computer Science) | 2 | 10.00 | 50% | 50% | 0% |
| Other Science (Earth Science) | 1 | 10.00 | 100% | 0% | 0% |
| Other Science (Math) | 2 | 25.00 | 100% | 100% | 50% |
| Philosophy | 3 | 13.33 | 100% | 33% | 0% |
| Religion | 5 | 12.00 | 80% | 40% | 0% |
| Science - Biology | 6 | 13.33 | 83% | 50% | 0% |
| Science - Chemistry | 3 | 10.00 | 100% | 0% | 0% |
| Science - Physics | 8 | 12.50 | 75% | 50% | 0% |
| Social Science | 9 | 16.67 | 89% | 78% | 0% |